• 首页
  • 本馆介绍
  • 公告通知
  • 最新文献
  • 馆藏检索
  • 电子资源
  • 读者导购
  • 参考咨询
  • 我的图书馆
  • 登录
  • 详细信息显示
  • 放入我的书架
  • 预约/预借图书
  • 作者相关作品
  • 分类相关作品
  • 丛书相关作品
  • 出版社相关作品

书目信息

  • 表格格式
  • 工作单格式
  • 卡片格式
题名:
北宋文化史述论
    
 
作者: 陈植锷 著
分册:  
出版信息: 北京   中华书局  2019
页数: 14,677页
开本: 22cm
丛书名:
单 册:
中图分类: K244.03
科图分类:
主题词: 文化史--wen hua shi--研究--中国--北宋
电子资源:
ISBN: 978-7-101-13803-0
000 00879nam0 2200229 450
001 2131044145
005 20211029202829.0
010    @a978-7-101-13803-0@b精装@dCNY88.00
100    @a20190620d2019 em y0chiy0120 ea
101 0  @achi
102    @aCN@b110000
105    @ay z 000yy
106    @ar
200 1  @a北宋文化史述论@Abei song wen hua shi shu lun@f陈植锷著
210    @a北京@c中华书局@d2019
215    @a14,677页@d22cm
330    @a本书以“宋学”为核心,深入探讨了宋学产生的时代背景及发展的各个阶段,揭示了宋学若干重大主题和以议论精神为主的宋学基本精神,论述了宋学与宗教哲学、文学艺术以及科学技术等等北宋文化各层面之间的相互关系,展现了北宋社会文化中无所不在的宋学及其时代精神。
606 0  @a文化史@Awen hua shi@x研究@y中国@z北宋
690    @aK244.03@v5
701  0 @a陈植锷@Achen zhi e@4著
801  0 @aCN@b百万庄@c20211029
905    @b1313087-090@dK244.03@e85@f4
    
    北宋文化史述论/陈植锷著.-北京:中华书局,2019
    14,677页;22cm
    
    
    ISBN 978-7-101-13803-0(精装):CNY88.00
    本书以“宋学”为核心,深入探讨了宋学产生的时代背景及发展的各个阶段,揭示了宋学若干重大主题和以议论精神为主的宋学基本精神,论述了宋学与宗教哲学、文学艺术以及科学技术等等北宋文化各层面之间的相互关系,展现了北宋社会文化中无所不在的宋学及其时代精神。
●
相关链接 在E读中查询图书 在五车中查询图书 在当当中查询图书 在豆瓣中查询图书


正题名:北宋文化史述论     索取号:K244.03/85         预约/预借

序号 登录号 条形码 馆藏地/架位号 状态 备注
1 1313087   213130878   第二样本阅览室/ [索取号:K244.03/85] 在馆    
2 1313088   213130887   第二借阅区/ [索取号:K244.03/85] 在馆    
3 1313089   213130896   第二借阅区/ [索取号:K244.03/85] 在馆    
4 1313090   213130903   第二借阅区/ [索取号:K244.03/85] 在馆    
唐山师范学院图书馆 欢迎您!
大连网信软件有限公司© 版权所有